01482nas a2200241 454500001000500000005001700005008003700022003001500059040004000074080002200114245004500136022001400181264010600195310002600301505064400327041000800971100008200979700001801061650001701079650002101096650002701117856009601144275820260407193504.0260407s2010####ag###########|||spa#dAR-UNSa-BCEJYS aAR-UNSa-BCEJYSbspacAR-UNSa-BCEJYS a657xContabilidad10aEscritos contables y de administración a1853-2063 1aBahía Blanca :bUniversidad Nacional del Sur. Departamento de Ciencias de la Administraciónc2010 aFrecuencia: Semestral aEscritos contables y de administración es una publicación semestral del Departamento de Ciencias de la Administración de la Universidad Nacional del Sur. Ha sido editada desde 1964 hasta 2005 bajo el nombre de Escritos contables, y en su continuación busca contribuir al avance y divulgación del conocimiento científico y técnico de la Contabilidad, Administración y demás disciplinas afines. Sus objetivos incluyen difundir los resultados de investigaciones tanto teóricas como aplicadas, comunicar al ámbito académico y profesional los avances relevantes y fomentar la visibilidad de las investigaciones locales.  aspa1 aUniversidad Nacional del Sur. Departamento de Ciencias de la Administración1 aOrtiz, Raúl aCONTABILIDAD aAdministración aADMINISTRACION PUBLICA41uhttps://biblioeco.unsa.edu.ar/pmb/images/revistas/R09859.jpgyImagen de portadaqimage/jpeg